000 00678nam a2200241Ia 4500
003 OSt
005 20220930065559.0
006 a|||||r|||| 00| 0
007 ta
008 220926b |||||||| |||| 00| 0 eng d
024 _a5808
037 _cTheses
040 _aCRL
_cCRL
_beng
041 _2eng
_aeng
100 _aMumtaz Fakhira
110 _aUniversity of Delhi. Faculty of Arts. Department of Urdu
245 0 _aUrdu main Fann-e-swawnih nigari ka irtiqa (1914 se 1975 tak)
260 _c1981
650 _aURDU LANGUAGE
700 _aUniversity of Delhi. Faculty of Arts. Department of Urdu
942 _cDIS
_2CC
999 _c859746
_d859746